000 00825nam a2200217 a 4500
001 20695
003 CO-ViMGA
008 141112s2004 ck r 000 u spa d
020 _a9702602866
040 _aCO-ViMGA
_bspa
_cCO-ViMGA
082 0 4 _a657 H675c
100 1 _aHorngren, Charles T.; Harrison, Walter T.; Smith Bamber, Linda
_929980
245 1 0 _aContabilidad
250 _a5
260 _aMexico :
_bPearson education,
_c2003
300 _a640p + CD
505 _aContabilidad y entorno de los negocios Control interno, administración del efectivo y juicios eticos Sociedades anónimas : el capital pagado y el balance.
590 _aForma de adquisición : Compra fact.0550 - - Precio : 94800 - - Proveedor : Temas y libros - - Fecha de adquisición : Mayo 2006
650 1 4 _aCONTABILIDAD
942 _2ddc
_cBK
999 _c29688
_d29688